Россия: взгляд в будущее (Запись № 1254319)
[ простой вид ]
| 000 -МАРКЕР | |
|---|---|
| контрольное поле | 02454nam1a2200373 i 4500 |
| 001 - ИДЕНТИФИКАТОР ЗАПИСИ | |
| контрольное поле | RU\NLR\bibl\219872 |
| 005 - ИДЕНТИФИКАТОР ВЕРСИИ | |
| контрольное поле | 20260531045734.0 |
| 035 ## - ДРУГИЕ СИСТЕМНЫЕ НОМЕРА | |
| Идентификатор записи | (NLR Aleph) 000215945 |
| 100 ## - ДАННЫЕ ОБЩЕЙ ОБРАБОТКИ | |
| Данные общей обработки | 20020117g20019999u y0rusy50 ca |
| 101 0# - ЯЗЫК РЕСУРСА | |
| Язык текста, звукозаписи и т.д. | русский |
| 102 ## - СТРАНА ПУБЛИКАЦИИ ИЛИ ПРОИЗВОДСТВА | |
| Страна публикации | Российская Федерация |
| 105 ## - ПОЛЕ КОДИРОВАННЫХ ДАННЫХ: ТЕКСТОВЫЕ МАТЕРИАЛЫ, МОНОГРАФИЧЕСКИЕ | |
| Кодированные данные о монографическом текстовом документе | a ||||||||| |
| 200 1# - ЗАГЛАВИЕ И СВЕДЕНИЯ ОБ ОТВЕТСТВЕННОСТИ | |
| Основное заглавие | Россия: взгляд в будущее |
| Сведения, относящиеся к заглавию | Эксперим. учеб.-метод. пособие для студентов вузов, изучающих дисциплину "Отеч. история" по заоч. форме обучения |
| Первые сведения об ответственности | Валерий Ефремов, Георгий Ипполитов, Владимир Казаков и др. |
| Последующие сведения об ответственности | [Под ред. засл. работника высш. шк. РФ, д.ист.н., проф., акад. акад. воен. наук В.В. Рыбникова] |
| -- | М-во образования Рос. Федерации, Моск. гос. ун-т сервиса. Самар. фил. Каф. "Гуманит. дисциплины" и др. |
| 210 ## - ПУБЛИКАЦИЯ, РАСПРОСТРАНЕНИЕ И ДР. | |
| Место издания, распространения и т.д. | Самара |
| Имя издателя, распространителя и т. д. | Самар. ун-т |
| Дата издания, распространения и т.д. | 2001 |
| 215 ## - ФИЗИЧЕСКАЯ ХАРАКТЕРИСТИКА | |
| Размеры | 20 |
| 300 ## - ОБЩИЕ ПРИМЕЧАНИЯ | |
| Текст примечания | На 185-й с. авт.: Ефремов В.Я. - к.п.н., доц., Ипполитов Г.М. - д.и.н., доц., чл.-корр. акад. воен. наук, Казаков В.Г. - к.ист.н., доц. и др. |
| 300 ## - ОБЩИЕ ПРИМЕЧАНИЯ | |
| Текст примечания | В надзаг. также: Акад. воен. наук, Содружество ученых Москвы и Поволжья |
| 300 ## - ОБЩИЕ ПРИМЕЧАНИЯ | |
| Текст примечания | На тит.л.: К 200-летию МВД России |
| 463 #0 - УРОВЕНЬ ФИЗИЧЕСКОЙ ЕДИНИЦЫ | |
| Встроенное поле | 001205015 |
| 463 #0 - УРОВЕНЬ ФИЗИЧЕСКОЙ ЕДИНИЦЫ | |
| Встроенное поле | 001205016 |
| 607 ## - ГЕОГРАФИЧЕСКОЕ НАИМЕНОВАНИЕ КАК ПРЕДМЕТ | |
| Географическое наименование | СССР |
| Формальный подзаголовок | Руководства, пособия и т.п. для высшей школы |
| Тематический подзаголовок | История |
| Системный номер авторитетной/нормативной записи | 912491 |
| Идентификатор авторитетной/нормативной записи | RU\NLR\auth\6613829 |
| 607 ## - ГЕОГРАФИЧЕСКОЕ НАИМЕНОВАНИЕ КАК ПРЕДМЕТ | |
| Географическое наименование | Россия |
| Формальный подзаголовок | Учебные издания для высшей школы |
| Тематический подзаголовок | История |
| Системный номер авторитетной/нормативной записи | 1554184 |
| Идентификатор авторитетной/нормативной записи | RU\NLR\auth\66979780 |
| 686 ## - ИНДЕКСЫ ДРУГИХ КЛАССИФИКАЦИЙ | |
| Индекс | Т3(2)я73 |
| 701 #1 - ИМЯ ЛИЦА - АЛЬТЕРНАТИВНАЯ ОТВЕТСТВЕННОСТЬ | |
| Начальный элемент ввода | Ефремов |
| Часть имени, кроме начального элемента ввода | В. Я. |
| Расширение инициалов личного имени | Валерий Яковлевич |
| Код отношения | Автор |
| 701 #1 - ИМЯ ЛИЦА - АЛЬТЕРНАТИВНАЯ ОТВЕТСТВЕННОСТЬ | |
| Начальный элемент ввода | Ипполитов |
| Часть имени, кроме начального элемента ввода | Г. М. |
| Расширение инициалов личного имени | Георгий Михайлович |
| Код отношения | Автор |
| 701 #1 - ИМЯ ЛИЦА - АЛЬТЕРНАТИВНАЯ ОТВЕТСТВЕННОСТЬ | |
| Начальный элемент ввода | Казаков |
| Часть имени, кроме начального элемента ввода | В. Г. |
| Расширение инициалов личного имени | Владимир Григорьевич |
| Код отношения | Автор |
| 702 #1 - ИМЯ ЛИЦА - ВТОРИЧНАЯ ОТВЕТСТВЕННОСТЬ | |
| Код отношения | Редактор |
| Материалы, к которым относится поле | rus |
| Графика поля | Кириллица |
| Начальный элемент ввода | Рыбников |
| Часть имени, кроме начального элемента ввода | В. В. |
| Даты | 1945- |
| Расширение инициалов личного имени | Вячеслав Викторович |
| Идентификатор авторитетной/нормативной записи | RU\NLR\auth\7720327 |
| Системный номер авторитетной/нормативной записи | 3395 |
| 801 #0 - ИСТОЧНИК ЗАПИСИ | |
| Страна | Российская Федерация |
| Организация | NLR |
| Дата составления | 20020117 |
| Правила каталогизации | PSBO |
| 801 #1 - ИСТОЧНИК ЗАПИСИ | |
| Страна | Российская Федерация |
| Организация | NLR |
| Дата составления | 20020117 |
| 830 ## - ОБЩЕЕ ПРИМЕЧАНИЕ, СОСТАВЛЕННОЕ КАТАЛОГИЗАТОРОМ | |
| Текст примечания | Авт. по кн. |
| 852 ## - МЕСТОНАХОЖДЕНИЕ И ШИФР ХРАНЕНИЯ | |
| Идентификатор организации | NLR |
| Шифр хранения (Call Number) | 2001-3/17732 |
| 942 ## - ДОПОЛНИТЕЛЬНЫЕ ЭЛЕМЕНТЫ ЗАПИСИ (АБИС) | |
| Тип экземпляра АБИС | Книга |
Нет доступных экземпляров.